000 00411nam a22001337a 4500
008 230803b |||||||| |||| 00| 0 eng d
020 _a9789966262394
050 _aMT960
_b.K56 2022
100 _aKimani, Gabriel Thuku
245 _aSound design in film :
_bA Kenyan cinema books series/by
_cGabriel Thuku Kimani
260 _aEldoret, Kenya
_bUtafiti Foundation
_c2022
300 _axvi, 198p.
942 _2lcc
_cBK
999 _c20204
_d20203